[Event "Voskresensk2"]
[Site "Voskresensk"]
[Date "1993.??.??"]
[Round "?"]
[White "Mesropov, Konstantin Eduard"]
[Black "Kozlov, Vladimir N"]
[Result "1/2-1/2"]
[WhiteElo "2370"]
[BlackElo "2280"]
[PlyCount "69"]
[EventDate "1993.??.??"]
[EventType "tourn"]
[EventRounds "11"]
[EventCountry "RUS"]
[EventCategory "6"]
[SourceTitle "CBM 038 Extra"]
[Source "ChessBase"]
[SourceDate "1994.03.01"]
[SourceVersion "1"]
[SourceVersionDate "1994.03.01"]
[SourceQuality "1"]

1. c4 e5 2. Nc3 Nf6 3. g3 d5 4. cxd5 Nxd5 5. Bg2 Nb6 6. d3 Be7 7. Be3 0-0 8. a3 Re8 9. Qc2 Bf8 10. Rc1 c6 11. Nf3 N8d7 12. 0-0 Nd5 13. Bd2 N7f6 14. Rfd1 Bg4 15. h3 Bh5 16. Ne4 Bg6 17. Nh4 Qb6 18. Nxf6+ Nxf6 19. Nxg6 hxg6 20. Be3 Qb5 21. Qc4 a6 22. a4 Qxc4 23. dxc4 Rad8 24. Bb6 Rd7 25. g4 Ree7 26. Ba5 Rxd1+ 27. Rxd1 Rd7 28. Rd2 Be7 29. Kf1 Rxd2 30. Bxd2 Kf8 31. Bc3 Nd7 32. Be4 Ke8 33. e3 Kd8 34. Ke2 Kc7 35. Ba5+ 1/2-1/2

[Event "Bratislava Slovan op"]
[Site "Bratislava"]
[Date "1991.??.??"]
[Round "3"]
[White "Bombek, Peter"]
[Black "Kozlov, Vladimir N"]
[Result "0-1"]
[WhiteElo "2260"]
[BlackElo "2395"]
[PlyCount "68"]
[EventDate "1991.05.??"]
[EventType "swiss"]
[EventRounds "11"]
[EventCountry "CSR"]
[SourceTitle "EXT 2001"]
[Source "ChessBase"]
[SourceDate "2000.11.22"]
[SourceVersion "1"]
[SourceVersionDate "2000.11.22"]
[SourceQuality "1"]

1. d4 d5 2. Nf3 Nf6 3. g3 c5 4. c3 Nc6 5. Bg2 Bf5 6. Qb3 cxd4 7. cxd4 Qb6 8. Qxb6 axb6 9. Na3 e6 10. 0-0 Ra5 11. Bd2 Bxa3 12. Bxa5 Bxb2 13. Bxb6 Bxa1 14. Rxa1 Nd7 15. Bc7 Ke7 16. Rd1 Rc8 17. Bf4 Nb6 18. g4 Bxg4 19. Rb1 Nd7 20. Rxb7 Bxf3 21. Bxf3 Nxd4 22. Bg4 Rc2 23. Be5 Nxe2+ 24. Kf1 Nc1 25. Bxg7 Rxa2 26. Bh5 Nd3 27. Bd4 Ra4 28. Be3 d4 29. Bh6 Ra1+ 30. Kg2 Ra2 31. Bg5+ f6 32. Bh6 Nxf2 33. Kf1 Ne4 34. Bf3 Rf2+ 0-1